000 00710nam a2200241Ia 4500
003 OSt
005 20221006143009.0
006 a|||||r|||| 00| 0
007 ta
008 221006b |||||||| |||| 00| 0 eng d
024 _a7,755
037 _bGift, Japan Foundation
_cTextual
040 _aEASL
_cEASL
_beng
041 _2eng
_aeng
082 _aY15y7.42.M85, M8
100 _aHASEGAWA Yoji
_9648920
245 0 _aLafcadio hearn's Jpanese wife
_b Her memoirs and her early life
260 _aTokyo
_bMicro Printing
_c1988
300 _a183p.
_ccm.
490 _v JEL
942 _hY15y7.42.M85, M8
_cTEXL
_2CC
999 _c1075841
_d1075841